000 nam a22 7a 4500
999 _c51980
_d51980
003 OSt
005 20220528160911.0
008 220528b xxu||||| |||| 00| 0 eng d
040 _cIIMT UNIVERSITY MEERUT
100 _aMISHRA , BAIDYANATH
245 _aRESEARCH METHODOLOGY VOL-1
250 _a1 ST
260 _aNEW DELHI
_bARISTA
_c14-05-2022
300 _a202
942 _2ddc
_c01